Hospodářská politika a ekonomický růst
Analýza vzťahu medzi hospodárskou politikou a rastom, so zvláštnym zreteľom na postkomunistické krajiny. Koncepcia endogénneho ekonomického rastu. Štandardná teória špecializácie vo svetovej ekonomike. Problémy ekonomického rastu v postkomunistických krajinách.
Salvato in:
| Autore principale: | |
|---|---|
| Natura: | Capitolo di libro |
| Lingua: | ceco |
| Soggetti: | |
| Tags: |
Nessun Tag, puoi essere il primo ad aggiungerne!!
|
MARC
| LEADER | 00000naa a2200000 4500 | ||
|---|---|---|---|
| 001 | r033175 | ||
| 005 | 20230912091907.4 | ||
| 041 | 0 | |a cze | |
| 044 | |a CZ | ||
| 245 | 1 | 0 | |a Hospodářská politika a ekonomický růst |c Antonín Rusek |
| 520 | |a Analýza vzťahu medzi hospodárskou politikou a rastom, so zvláštnym zreteľom na postkomunistické krajiny. Koncepcia endogénneho ekonomického rastu. Štandardná teória špecializácie vo svetovej ekonomike. Problémy ekonomického rastu v postkomunistických krajinách. | ||
| 610 | 2 | 0 | |a rast hospodársky |
| 610 | 2 | 0 | |a politika hospodárska |
| 610 | 2 | 0 | |a teória a prax |
| 610 | 2 | 0 | |a transformácia |
| 610 | 2 | 0 | |a SVE |
| 610 | 2 | 0 | |a trh |
| 610 | 2 | 0 | |a špecializácia |
| 100 | 1 | |a Rusek, Antonín | |